LEADER 01384nam a2200289 u 4500 001 000000074768 003 CaOOAMICUS 005 20070226123027.0 008 021217s1998 gw u000 u ger u 020 $a3525562896 035 $a10948944 040 $aPUL$bita 100 1 $aBannach, Klaus.$0(OLS)http://pul/name/49588 245 10$aAnthroposophie und Christentum :$beine systematische Darstellung ihrer Beziehung im Blick auf neuzeitliche Naturerfahrung /$cKlaus Bannach. 260 $aGöttingen :$bVandenhoeck & Ruprecht,$cc1998. 300 $a591 p. ;$c22 cm 490 1 $aForschungen zur systematischen und ökumenischen Theologie ;$vBd. 82 504 $aBibliografia in nota. 650 4$aTeologia dogmatica.$0(OLS)http://pul/subject/663 830 0$aForschungen zur systematischen und ökumenischen Theologie ;$vBd. 82.$0(OLS)http://pul/title/97968 850 $aPUL 852 $aPUL$W1$xSL Religione 1$y3$m59 L 82$j96372$nBK-PRI$b $qStampati$B96372$CPULBib$Z2$F96372 $H $81 941 1 $a8 961 $aINV: 88146 996 $6020$a3525562896$9(OLS)http://pul/number/97211 996 $6245$aAnthroposophie und Christentum :$beine systematische Darstellung ihrer Beziehung im Blick auf neuzeitliche Naturerfahrung$9(OLS)http://pul/title/98117 996 $6260$aGöttingen :$bVandenhoeck & Ruprecht$9(OLS)http://pul/publisher/47973 LEADER 01477nam a2200337 a 4500 001 000000127973 003 CaOOAMICUS 005 20131218131507.0 008 120313s2012 it u000 u ita r 020 $a978-88-217-3698-8 040 $aPUL$bita 082 04$a348 245 00$aArbitrato /$ca cura di L. Salvaneschi ... [et al.]. 260 $aMilano :$bIpsoa,$c2012. 300 $aXX, 505 p. ;$c24 cm 490 1 $aItinera. Guide giuridiche. Contenzioso civile 500 $aSul front.: Bonelli Erede Pappalardo studio legale. 650 4$aArbitrato.$0(OLS)http://pul/subject/20108 700 1 $aSalvaneschi, Laura.$0(OLS)http://pul/name/88161 710 2 $aBonelli Erede Pappalardo.$0(OLS)http://pul/name/88162 830 0$aItinera$pGuide giuridiche (Ipsoa).$pContenzioso civile.$0(OLS)http://pul/title/173298 850 $aPUL 852 $aPUL$W1$xSL Diritto e Scienze Sociali 3$y79$m347. 4509 SALLA 1$j148133$qDDC 21$B146725$CPULBib$Z2$F146725 $H118964 $82 852 $aPUL$W1$xSL Diritto e Scienze Sociali 3$y79$m348 COLL 3.6$j157766$a2. copia$qDDC 21$B157192$CPULBib$Z2$F157192 $H123341 $82 941 1 $a9 996 $6020$a978-88-217-3698-8$9(OLS)http://pul/number/149173 996 $6082$a348$9(OLS)http://pul/classification/2532 996 $6245$aArbitrato$9(OLS)http://pul/title/161721 996 $6260$aMilano :$bIpsoa$9(OLS)http://pul/publisher/67046